Cerro Alegre: crónicas de los Cerros Alegre y Concepción de Valparaíso
Guardat en:
| Autors principals: | , |
|---|---|
| Format: | Llibre |
| Idioma: | espanyol anglès |
| Publicat: |
Viña del Mar
Ediciones Altazor
2013
|
| Matèries: | |
| Etiquetes: |
Afegir etiqueta
Sense etiquetes, Sigues el primer a etiquetar aquest registre!
|
MARC
| LEADER | 00000cam a2200000 a 4500 | ||
|---|---|---|---|
| 001 | UCF7688 | ||
| 003 | CL-VaPUC | ||
| 008 | 130704e20130000CL |||||||||||||||||spa|d | ||
| 020 | |a 9789569205026 | ||
| 041 | 0 | 7 | |a spa |2 CL-VaPUC |
| 041 | 0 | 7 | |a eng |2 CL-VaPUC |
| 082 | 0 | 4 | |a 983.255 |b CAS |2 21 |
| 100 | 0 | |a Castagneto Garviso, Piero |e author |9 569792 | |
| 700 | |a González González, Patricio |e author |9 569793 | ||
| 245 | 1 | 0 | |a Cerro Alegre: crónicas de los Cerros Alegre y Concepción de Valparaíso |
| 300 | |a 194 p | ||
| 942 | |c BK | ||
| 945 | |d 20130704 00:00:00 |a dcastane | ||
| 260 | |a Viña del Mar |b Ediciones Altazor |c 2013 | ||
| 600 | 0 | 7 | |a CERRO ALEGRE |2 CL-VaPUC |9 569790 |
| 650 | 7 | |a HISTORIA DE CHILE SIGLO 19 Y 20 |2 CL-VaPUC |9 550751 | |
| 650 | 0 | |a Historia de Valparaíso |y Siglos 19-20 |9 519283 | |
| 650 | 0 | |a Cerros de Valparaíso |9 505987 | |
| 651 | 7 | |a CHILE |2 CL-VaPUC |9 569794 | |
| 651 | 0 | |a Valparaíso, Chile |9 261144 | |
| 583 | |a last modification |c 20140718 09:06:50 |k Rodrigo Vera | ||
| 999 | |c 352486 |d 352484 | ||
| 952 | |0 0 |1 0 |4 0 |6 983_255000000000000_CAS_2013 |7 0 |8 A |9 457029 |a BIBART |b BIBART |d 2019-11-22 |i 498269K |o 983.255 CAS 2013 |p 498269K |r 2023-01-11 |w 2019-11-22 |y BK |k ART | ||
| 952 | |0 0 |1 0 |4 0 |6 983_255000000000000_CAS_2013 |7 0 |8 R |9 457030 |a BIBARQ |b BIBARQ |d 2019-11-22 |i 4982711 |l 4 |o 983.255 CAS 2013 |p 4982711 |r 2025-01-20 |s 2023-06-08 |w 2019-11-22 |y BK_R |k ARQ | ||
| 952 | |0 0 |1 0 |4 0 |6 983_255000000000000_CAS_2013 |7 0 |8 X |9 457031 |a FDOBUD |b FDOBUD |d 2019-11-22 |i 4982673 |o 983.255 CAS 2013 |p 4982673 |r 2019-11-22 |w 2019-11-22 |y BK_X |k BUD | ||
| 952 | |0 0 |1 0 |4 0 |6 983_255000000000000_CAS_2013 |7 0 |8 X |9 457032 |a FDOBUD |b FDOBUD |d 2019-11-22 |i 4982681 |o 983.255 CAS 2013 |p 4982681 |r 2019-11-22 |w 2019-11-22 |y BK_X |k BUD | ||
| 952 | |0 0 |1 0 |4 0 |6 983_255000000000000_CAS_2013 |7 0 |8 X |9 457033 |a BIBHIS |b BIBHIS |d 2019-11-22 |i 498272K |l 1 |o 983.255 CAS 2013 |p 498272K |r 2024-01-30 |s 2022-06-17 |w 2019-11-22 |y BK_X |k HIS | ||
| 952 | |0 0 |1 0 |4 0 |6 983_255000000000000_CAS_2013 |7 0 |8 X |9 457034 |a BIBHIS |b BIBHIS |d 2019-11-22 |i 4982665 |o 983.255 CAS 2013 |p 4982665 |r 2024-01-30 |w 2019-11-22 |y BK_X |k HIS | ||
| 952 | |0 0 |1 0 |4 0 |6 983_255000000000000_CAS_2013 |7 0 |8 R |9 457035 |a BIBEDU |b BIBEDU |d 2019-11-22 |i 4982630 |l 1 |o 983.255 CAS 2013 |p 4982630 |r 2024-10-23 |s 2024-09-27 |w 2019-11-22 |y BK_R |k MUS | ||
| 952 | |0 0 |1 0 |4 0 |6 983_255000000000000_CAS_2013 |7 0 |8 A |9 457036 |a BIBART |b BIBART |d 2019-11-22 |i 4983149 |o 983.255 CAS 2013 |p 4983149 |r 2023-01-11 |w 2019-11-22 |y BK |k ART | ||